Statystyki dla Fifa 20 karty z 5* sztuczek i ovr 79+

Kliknij tutaj aby rozwiązać quiz!

Ogólne statystyki

  • Ten quiz został rozwiązany 37 razy
  • Średni wynik to 9 z 37

Statystyki odpowiedzi

NarodowośćPiłkarz% Poprawnych
PortugaliaRonaldo
100%
FrancjaMbappé
97%
BrazyliaNeymar
83%
AlgieriaMahrez
71%
MarokoZiyech
46%
FrancjaPogba
43%
BrazyliaVinícius
40%
FrancjaDembélé
37%
PortugaliaFélix
34%
NorwegiaØdegaard
31%
HolandiaDepay
29%
BrazyliaMarcelo
29%
Wybrzeże Kości SłoniowejZaha
26%
KolumbiaCuadrado
20%
PortugaliaNani
20%
AngliaSancho
20%
ArgentynaDi María
17%
BrazyliaFirmino
17%
SzwecjaIbrahimovic
17%
PortugaliaQuaresma
17%
PortugaliaQuaresma
17%
AngliaRashford
17%
SzwajcariaShaqiri
14%
BrazyliaCosta
11%
MeksykCorona
9%
BrazyliaCoutinho
9%
UkrainaMarlos
9%
BrazyliaNeres
9%
HiszpaniaThiago
9%
HolandiaPromes
6%
FrancjaSaint-Maximin
6%
WłochyBernardeschi
3%
WłochyEl Shaarawy
3%
MarokoHarit
3%
PortugaliaMartins
3%
ArgentynaPiatti
3%
FrancjaRibéry
3%

Rozkład punktacji

Percentyl według liczby udzielonych odpowiedzi

Procent ludzi z każdym wynikiem

Twoja historia wyników

Nie rozwiązałeś tego quizu